01178nam a2200193Ia 4500001001000000003001000010008004100020040002500061041001400086100001800100245007600118250001100194260008800205300002800293500026000321501011400581520026000695650002900955L232-6940IT-CnALBA170116s9999||||xx |||||||||||||| ||und|| aIT-CnALBAcIT-CnALBA aFRANCESE  aLAMBERT J.-M. 0aLE DECRET SUR LA COMMUNION QUOTIDIENNE ET SON APPLICATION AUX FIDELES.  a1a ed. a PARISbBEAUCHESNE GABR. E F. EDIT. c1908 [1° Ed.:1908 - Ed.Ling.Originale: 1908] a196 p. (prefazione: 34) aAL S. PADRE PAPA PIO X. DECRETO DELLA COMUNIONE FREQUENTE. COMUNIONE PER TUTTI. MOTIVO DELLA COMUNIONE FREQUENTE. STORIA DELLA FREQUENZA ALLA COMUNIONE. CONDIZIONI PER LA COMUNIONE. IL CONFESSORE. PREPARAZIONE E RINGRAZIAMENTO. COMUNIONE IDEALE. COMUNIONE aSocietà San Paolo EM - Piazza San Paolo, 14 - 12051 ALBA (CN) (non commercial uses only) ® Copyright 2017 aAL S. PADRE PAPA PIO X. DECRETO DELLA COMUNIONE FREQUENTE. COMUNIONE PER TUTTI. MOTIVO DELLA COMUNIONE FREQUENTE. STORIA DELLA FREQUENZA ALLA COMUNIONE. CONDIZIONI PER LA COMUNIONE. IL CONFESSORE. PREPARAZIONE E RINGRAZIAMENTO. COMUNIONE IDEALE. COMUNIONE aVITA E MISTERO DI CRISTO